000 01355nam a2200229Ia 4500
999 _c40099
_d40099
001 6705
003 GE_BSU
005 20200213145201.0
008 181216s2004||||ge |||||||||||||| ||geo||
040 _cGE_BSU
041 _ageo
080 _a821.353.1+821.161.1+81'243=93/94+91(075.3) გ-44
100 _aგვარამაძე, ნინო
_97070
245 _aრაც მტრობას დაუნგრევია :
_bდამხმ. სახელმძღვ. მე-7კლასის მოსწ. მშობლ. ლიტ-ში, უცხო ენებში, გეოგრაფიასა და ისტორიაში /
_c ნინო გვარამაძე, ანა ხუციშვილი ; მხატვრ. დიმიტრი ანთაძე, მაია სუმბაძე.
264 _aთბილისი :
_bწით.ჯვრის საერთ.კომ-ტი,
_c2004.
300 _a72 გვ. ;
_c29 სმ.
541 _h4ლ.
653 _aრაც მტრობას დაუნგრევია
653 _aდამხმარე სახელმძღვანელო
700 _aხუციშვილი, ანა
_eავტორი
_97071
942 _cBK
_2udc